[Event "Southwest op 84th"]
[Site "Irving"]
[Date "2018.09.01"]
[Round "4"]
[White "Sadorra, Julio Catalino"]
[Black "Xiong, Jeffery"]
[Result "1/2-1/2"]
[WhiteElo "2555"]
[BlackElo "2650"]
[Annotator "Sadorra, Julio"]
[PlyCount "69"]
[EventDate "2018.08.30"]
[EventType "swiss"]
[EventRounds "9"]
[EventCountry "USA"]
[SourceTitle "CBM 186 Extra"]
[Source "ChessBase"]
[SourceDate "2018.08.24"]
[SourceVersion "1"]
[SourceVersionDate "2018.08.24"]
[SourceQuality "1"]

{A few weeks before the 2018 World Olympiad, I decided to play a warm-up event
in Dallas, Texas called Southwest Open where hungry junior players, university
chess scholars and several GMs participated. In the 4th round, I was paired
with a co-leader and one of the brightest stars of US chess.} 1. Nf3 Nf6 2. c4
c5 3. b3 {I decided to use the double fianchetto system to reach a solid
middlegame while being able to fight for an edge.} g6 4. Bb2 Bg7 5. g3 b6 6.
Bg2 Bb7 7. O-O O-O 8. d4 Na6 $5 {I didn't expect this and it obviously was my
opponent's prep as it he played it quickly and confidently.} 9. Nc3 {Keeping
the position under control and avoiding sharpening of the game.} (9. d5 {
seemed principled, but can lead to complex play where I thought he can still
obtain counterplay with} e6 10. d6 (10. dxe6 fxe6) ({At first the engine likes
} 10. Nc3 exd5 (10... d6 11. dxe6 fxe6 12. Nb5 d5 13. Be5 $14) 11. Nxd5 Nxd5
12. Bxg7 Kxg7 (12... Ne3 13. fxe3 Kxg7 14. Qd6 $14) 13. cxd5 d6 {but later
comes around to show that Black is fine and has counterplay.} 14. Nd2 Nc7 15.
e4 (15. Nc4 f5) 15... f5) 10... Nb4 $132 {[%csl Rd6]}) 9... d5 10. dxc5 Nxc5 {
most natural.} ({During the game I also analysed the possibility of my
opponent testing me in a complicated battle with} 10... dxc4 $5 {I remember I
was still choosing between two seemingly equally good continuations:} 11. cxb6
({Or} 11. Qxd8 Rfxd8 12. cxb6 cxb3 (12... Ne4 $1 $36 13. Na4 c3) 13. axb3 axb6
{and I can fight for more than equality here with} 14. Ne5 $5 (14. Na4 Nc5))
11... Qxb6 {[%csl Rb2,Rb3]} 12. Na4 {with a complex middlegame but I quite
like my chances as his queen is a bit exposed.}) 11. Nxd5 Nxd5 12. Bxg7 Kxg7
13. cxd5 Qxd5 14. Qxd5 {Going for an ending similar to what Ulf Andersson
usually goes for from his English opening games. The main idea is to exploit
the weakened square on c6 and hopefully restrict Black's pieces as well.} ({
Unbeknownst to me, all this has been played last year in which White continued
with the less aggressive:} 14. Qd4+ Qxd4 15. Nxd4 Bxg2 16. Kxg2 Rfd8 17. Rfd1
Rac8 (17... Rd7 $5 18. Nc6 Rc7 19. Nd4 $11) 18. Rac1 Ne4 19. Rxc8 Rxc8 20. f3
Nd6 21. Rd2 e5 22. Ne6+ Kf6 23. Nf8 Rxf8 24. Rxd6+ Ke7 25. Rc6 Kd7 26. Rf6 Ke7
27. Rc6 Kd7 {1/2-1/2 (27) Lokander,M (2329)-Moussard,J (2573) Paris FRA 2017})
14... Bxd5 15. Rfd1 Rfd8 16. Ne5 Bxg2 17. Kxg2 Rac8 18. Rac1 {The ending is
objectively equal of course, but Black still has to be careful as White has
ideas connected to b4-b5.} (18. Rxd8 Rxd8 19. Nc6 Rd2 {and Black has
sufficient counterplay.}) 18... f6 19. Rxd8 Rxd8 20. Nc6 Rd2 (20... Rd7 {
should also hold, but I think it gives me something to play for after} 21. b4
Ne6 22. b5 Nc5 23. Rc3 $5 {[%cal Gc3a3,Gc3e3,Ge3e7,Ga3a7]}) 21. b4 Ne6 22. a3
Rd7 $1 {After a long think, my young opponent plays this calm and prudent move
which I actually missed in my analysis earlier.} ({After} 22... Rxe2 23. Nxa7
Ra2 24. Nb5 {White may have an easier position to play practically due to the
queenside passed pawn.}) ({And if} 22... Ra2 $6 {I was intending} 23. Rd1 ({
Best is to simply go after the pawns with:} 23. Nxa7 Rxa3 24. Nc8 $1 Rb3 (24...
b5 25. Nxe7 Rb3 26. Nd5) 25. Rc6 $1 (25. Nxe7 $6 Rxb4 26. Rc6 Re4 27. e3 Nf4+ (
27... b5 28. Nd5 $1 $16) 28. gxf4 Rxe7 29. Rxb6 $14 {though Black still has
good drawing chances here.}) 25... Kf7 (25... Nd4 26. Rc7 $1 Rxb4 27. Nxe7 $36)
26. Rxb6 $16) 23... Rxa3 24. Rd7 {with good piece coordination and initiative,
but the engine here refutes my idea with} (24. Nxe7 Rc3 25. Rd7 Rc7) 24... Kf8
$1 25. Rxe7 Nd4 $11 {this small tactic equalizes for Black.}) 23. Rc2 {
Prophylactic against Rc7 and giving up any ambitious attempts to play for
pressure.} ({I originally considered} 23. a4 Rc7 24. b5 Nd8 {but when I saw
this possibility I realized I'm not achieving anything and my queenside pawns
may at risk later.} (24... Nc5 25. Rc4)) 23... Kf7 $5 {With the idea of
improving his position with Ke8 then Rc7 next.  This position may look very
dry and boring, but such a move shows a good level of chess maturity and
fighting spirit. It also puts psychological pressure as it keeps chances for
the opponent to make inaccuracies.} (23... Rc7 24. Nd4 $11) 24. Nb8 {I didn't
see any way to create chances anymore and decided not to take unnecessary
risks.} Rd8 ({If} 24... Rb7 {I planned to play} 25. Na6 $11 {followed by
improving my rook and king.} (25. Nc6 Rc7 26. a4 Ke8 27. b5 $2 Nd8) (25. Rc8
Rc7 $1 26. Rxc7 Nxc7 27. Nc6 a6 {[%cal Gf7e6,Ge6d5,Gc7b5]})) 25. Nc6 Rd7 26.
Nb8 Rd1 $5 {My young opponent chooses to fight on, so it's on!} 27. Nc6 a6 {
Here my opponent realized that there's no good way for him to avoid
simplifications, and the game reaches a dead drawn position almost by force.} (
{He may have originally been intending} 27... Ra1 {but he doesn't achieve
anything special after} 28. Rc3 a6 29. f4 $5 (29. Kf3) (29. h4)) 28. Nb8 a5 29.
Rc6 axb4 30. axb4 b5 31. Rb6 Nc7 32. Rb7 Rc1 33. Nd7 Rc4 34. Nc5 Nd5 35. Rxb5 {
And a draw was agreed. With this result, I was able to stay in the lead and in
a healthy mindset to keep playing good, solid chess in such a strong open
where each round counts.} 1/2-1/2

[Event "EU-Cup 09th final"]
[Site "Hilversum"]
[Date "1993.12.12"]
[Round "3"]
[White "Horvath, Csaba"]
[Black "Salov, Valery"]
[Result "0-1"]
[WhiteElo "2495"]
[BlackElo "2685"]
[Annotator "Salov,V"]
[PlyCount "72"]
[EventDate "1993.12.10"]
[EventType "team-k.o."]
[EventRounds "3"]
[EventCountry "NED"]
[SourceTitle "EXT 2020"]
[Source "ChessBase"]
[SourceDate "2019.10.17"]
[SourceVersion "1"]
[SourceVersionDate "2019.10.17"]
[SourceQuality "1"]
[WhiteTeam "Budapest Honved"]
[BlackTeam "Lyon-Oyonnax Echecs"]
[WhiteTeamCountry "HUN"]
[BlackTeamCountry "FRA"]

1. d4 Nf6 2. c4 e6 3. Nf3 b6 4. g3 Ba6 5. b3 Bb7 6. Bg2 Bb4+ 7. Bd2 c5 8. O-O
O-O 9. Bc3 Na6 10. Bb2 cxd4 11. Qxd4 $5 {N} (11. Nxd4 Bxg2 12. Kxg2 Qc8 $10)
11... Be7 12. Nc3 Nc5 13. Rad1 (13. Rfd1 $5 {/\Ra1-c1}) 13... Qc8 14. Ng5 $6 (
14. Nd2 $142 $10) 14... Bxg2 15. Kxg2 Qc6+ 16. f3 Rfd8 $15 {פg5} 17. Nge4 d5
18. Nf2 (18. cxd5 exd5 19. Nxd5 Rxd5 20. Nxf6+ Bxf6 21. Qxd5 Qxd5 22. Rxd5 Bxb2
23. Rfd1 Bf6 $17) 18... Rac8 19. Ng4 Qb7 20. Ba1 $1 h5 $1 (20... a6 $2 21. cxd5
exd5 22. Nxd5 $1) 21. Ne3 dxc4 22. Qxc4 Nd3 23. Qa4 $8 Nb4 $1 (23... Bc5 24.
Nc2 $1 $132) 24. a3 Bc5 $1 25. Rxd8+ Rxd8 26. Rd1 $1 Rxd1 27. Nexd1 Nc2 28. b4
$2 (28. Bb2 $1 $15 Ne1+ $6 29. Kf1 Nxf3 30. exf3 Qxf3+ 31. Ke1 Ng4 32. Qxa7 $1
$13 (32. Qe4 $2 Nxh2 33. Qxf3 Nxf3+ 34. Ke2 Nd4+ $17)) 28... Nxa1 29. bxc5 bxc5
30. Ne3 Nb3 $17 31. Nc4 Nd4 32. Nd6 Qb2 33. Qxa7 Nxe2 $1 (33... Qxc3 $2 34.
Qxf7+ Kh7 35. Ne4 $1 Nxe4 36. Qxh5+ $10) 34. Qxf7+ Kh7 35. Nxe2 Qxe2+ 36. Kg1
$2 $138 (36. Kh3 $8 Kh6 37. Qf8 c4 $17) 36... Qd1+ 0-1

[Event "World Cup"]
[Site "Reykjavik"]
[Date "1991.??.??"]
[Round "4"]
[White "Timman, Jan H"]
[Black "Seirawan, Yasser"]
[Result "0-1"]
[WhiteElo "2630"]
[BlackElo "2615"]
[Annotator "Salov,V"]
[PlyCount "82"]
[EventDate "1991.09.??"]
[EventType "tourn"]
[EventRounds "15"]
[EventCountry "ISL"]
[EventCategory "16"]
[SourceTitle "CBM 026"]
[Source "ChessBase"]
[SourceDate "1992.02.01"]
[SourceVersion "1"]
[SourceVersionDate "1992.02.01"]
[SourceQuality "1"]

1. Nf3 Nf6 2. c4 c5 3. Nc3 e6 4. g3 b6 5. Bg2 Bb7 6. O-O Nc6 7. e3 (7. d4 Nxd4
8. Nxd4 Bxg2 9. Kxg2 cxd4 10. Qxd4 $14) 7... Be7 8. b3 O-O 9. Bb2 Rc8 (9... a6
10. d3 Rc8 11. Rc1 Ba8 12. Qe2 $6 d5 $1 13. cxd5 Nxd5 14. Rfd1 Nxc3 15. Bxc3
$10 {Salov-Seirawan,Rotterdam 1989}) 10. d4 cxd4 11. Nxd4 Qc7 12. Nc2 {TN} (12.
Ndb5 Qb8 13. Ne4 Nxe4 14. Bxe4 f5 15. Bg2 a6 16. Qxd7 $1 $16 {
Nogueiras-Shamkovich,Mexico 1984}) 12... a6 13. e4 Na7 $6 (13... d6 $142 {
/\Nc6-e5}) 14. Ne3 (14. e5 Ne8 (14... Bxg2 $2 15. exf6 Bxf1 16. fxe7 $18) 15.
Ne4 Nc6 16. f4 d6 $1 $132) 14... d6 (14... b5 $6 15. e5 $1 $16) 15. a4 $2 (15.
Rc1 $1 Qb8 16. g4 (16. Ncd5 exd5 17. Nf5 Rce8 18. Qd2 Bc8 19. Nxg7 Kxg7 20.
Qg5+ Kh8 21. Bxf6+ Bxf6 22. Qxf6+ $10) 16... h6 17. Qf3 (17. h4 $5 Nh7 18. g5
hxg5 19. hxg5 Bxg5 20. f4 $44) 17... b5 18. h4 $36) 15... Nc6 16. Rc1 {/\ 17.
Ncd5 ed5 18.cd5} Ne5 $1 17. Re1 (17. f4 $2 Qc5 18. Re1 Neg4 19. Qd2 Nxe3 20.
Qxe3 d5 $1) 17... Rfe8 18. Nc2 (18. f4 Ned7 19. g4 Nc5 20. Nf1 d5 $1 $17) 18...
Bf8 19. Nd4 Ned7 $15 20. Re3 $6 g6 21. Re2 Qb8 22. Rb1 Nc5 23. Ba1 Qa8 $1 24.
f3 (24. Qc2 $2 e5) 24... Qb8 25. Qd2 h5 $1 26. Ree1 Kh7 27. Bf1 Bh6 28. Qf2
Ncd7 29. Qe2 $6 (29. Rbd1 $142) 29... h4 $1 $17 30. Bh3 Rc5 $1 31. b4 Rcc8 32.
f4 Nh5 $1 {><c4,g3} 33. Bg4 $2 (33. Kf2 $8 Qc7 34. Bf1 e5 35. fxe5 hxg3+ 36.
hxg3 Nxe5 37. Nd5 Qd8 $40) 33... Ndf6 34. Bxh5 Nxh5 $19 35. Rbc1 (35. Kf2 Qc7
$19 {><c4}) 35... hxg3 36. hxg3 Nxg3 37. Qg4 Nh5 38. f5 Rxc4 (38... exf5 39.
exf5 Bxc1 40. Rxc1 Rxc4 41. fxg6+ fxg6 42. Qd7+ Kh6 $19) 39. fxg6+ fxg6 40.
Nxe6 Qc8 41. Ng5+ Kg8 (41... Kg8 42. Qh4 (42. Qg2 Nf4 $19) 42... Qd8 $19) 0-1

[Event "Hoogovens"]
[Site "Wijk aan Zee"]
[Date "1997.01.23"]
[Round "5"]
[White "Yermolinsky, Alex"]
[Black "Salov, Valery"]
[Result "0-1"]
[WhiteElo "2630"]
[BlackElo "2665"]
[Annotator "Salov,V"]
[PlyCount "94"]
[EventDate "1997.01.18"]
[EventType "tourn"]
[EventRounds "13"]
[EventCountry "NED"]
[EventCategory "16"]
[SourceTitle "CBM 057"]
[Source "ChessBase"]
[SourceDate "1997.04.01"]
[SourceVersion "1"]
[SourceVersionDate "1997.04.01"]
[SourceQuality "1"]

1. Nf3 {Yudasin,L} Nf6 2. c4 c5 3. Nc3 e6 4. g3 b6 5. Bg2 Bb7 6. O-O Be7 7. d4
cxd4 8. Qxd4 O-O 9. Rd1 Nc6 10. Qf4 Qb8 11. e4 $5 (11. b3 $1) (11. Qxb8 Raxb8
12. Bf4 Rbc8 (12... Rbd8 {Yudasin,L}) 13. Ne5 (13. Bd6 Bxd6 14. Rxd6 Ne7 15.
Ne5 $2 Bxg2 16. Kxg2 Nf5 $1 17. Rd2 d6 18. e4 Nxg3 19. hxg3 dxe5 20. b3 Rfd8
$19 {Gligoric-Smyslov (Zürich 1953)}) 13... d6 14. Nxc6 Bxc6 15. Bxd6 Bxd6 16.
Rxd6 Bxg2 17. Kxg2 Rxc4 18. Rad1 g5 $1 $11) (11. b3 {Yudasin,L} Rd8) 11... d6
$1 (11... Qxf4 $2 12. Bxf4 Rfd8 13. e5 $1 $16 Ne8 14. Nd4 Na5 15. b3 Bxg2 16.
Kxg2 g5 17. Be3 Kg7 18. f4 gxf4 19. gxf4 Nc6 20. Nce2 Nxd4 21. Nxd4 Bc5 22. Kf3
$16 {1-0 Petrosian-Portisch/Palma de Mallorca m (5)/ 1974}) 12. b3 Ne5 (12...
Nd7 $5 13. Qe3 Re8 14. Bb2 a6 15. Qe2 Bf8 $13 {Kortschnoj-Skembris/Beersheba/
1993}) (12... Rd8 $5 {Yudasin,L}) (12... a6 $5 {Yudasin,L}) 13. Qe3 (13. Nxe5
$2 dxe5 {>< d4}) 13... Ned7 {Yudasin: The idea is to put some pressure along
the A8-H1 diagonal,and play b5 at the right moment} 14. Qe2 (14. Ba3 {Yudasin,L
} Nc5 15. Nd4 a6) (14. Bb2 {Yudasin,L with h3-Rd2-Rad1}) 14... a6 15. Nd4 Qc7 {
Yudasin: threatening b5} 16. Bd2 {Yudasin: this move blocks the "d" file and
indeed in the right moment black will play d5 opening the position which is
ofcourse very good for black} (16. Be3 $2 b5 $1) (16. Bb2 {Yudasin,L} Rfe8 17.
Rac1 Rac8 18. g4 $5 $13) 16... Rfe8 17. Rac1 Rac8 18. Be3 Qb8 {Yudasin: with
the idea Qa8 followed by b5 or d5} 19. f3 {so after white blocks the "d' file
now he also block the g2-h1 diagonal,which will immediately be used by black} (
19. f4 $5) 19... d5 $1 20. cxd5 exd5 21. exd5 $2 {Yudasin: another mistake
opening the "e" file in this way} (21. Bf4 $1 Bd6 22. Bxd6 Qxd6 23. Qf2 $1 Qa3
(23... dxe4 24. Ndb5 Qb4 25. Nd6 exf3 26. Nxe8 $1 Rxe8 (26... Ng4 27. Qd4 $1)
27. Bxf3 Bxf3 28. Qxf3 Ne5 29. Qg2 $1 (29. Qe2 Qc5+ 30. Kg2 Qc6+ 31. Nd5 Qa8 $1
)) 24. exd5 Nxd5 25. Nde2 $1 $11) (21. Nxd5 {Yudasin,L} Nxd5 (21... Bxd5 22.
exd5 Nxd5 $36) 22. exd5 (22. Rxc8 Qxc8 23. exd5 Bc5 $11 (23... Nf6 $1 $15))
22... Bc5 23. Qf2 Qe5 $36 (23... Bxd5 $11)) 21... Ba3 $1 (21... Rxc3 $2 22.
Rxc3 Nxd5 23. Rcd3 Nc5 24. Nc6 $1 Bxc6 25. Rxd5 Bxd5 26. Rxd5 $11) (21... Bxd5
{Yudasin,L} 22. Qf2) 22. Rc2 Rxc3 $1 23. Rxc3 Nxd5 24. Rcd3 Nc5 {><f3,Re3,C3}
25. f4 $1 (25. Nc6 Bxc6 26. Rxd5 Bxd5 27. Rxd5 Bc1 $1 $19) (25. Qf2 {Yudasin,L}
Nxd3 26. Rxd3 Nxe3 27. Rxe3 Rxe3 28. Qxe3 Bc5 $19) 25... Nxd3 26. Rxd3 Bc5 27.
Bxd5 (27. Qd2 {Yudasin,L} Nxe3 28. Rxe3 Rxe3 29. Qxe3 Qd8 $19) 27... Bxd5 28.
Nf5 $1 (28. Qf2 Qc8 $1 29. Nf3 Qf5 30. Rc3 Bb4 31. Rc1 Qe4 $19) 28... Be4 29.
Bxc5 Bxd3 (29... Bxf5 $2 {Yudasin,L} 30. Re3) 30. Qxd3 bxc5 31. Qc3 $1 f6 32.
Qc4+ (32. Qxc5 {Yudasin,L} Qb5) 32... Kh8 33. Qf7 (33. Qxa6 {Yudasin,L} Qb4)
33... Rg8 34. h4 $1 Qe8 35. Qd5 $1 (35. Nd6 $2 Qe1+ 36. Kg2 Qd2+ 37. Kf3 Qxd6)
35... Qe1+ 36. Kg2 Qe2+ 37. Kh3 h5 $138 (37... Qf1+ $1 38. Kg4 (38. Kh2 Re8 $19
) 38... h5+ $1 39. Kxh5 Qe2+ 40. Kg6 (40. g4 Qe8+ (40... Qe8+ 41. Qf7 Qxf7#))
40... Qg4+ 41. Kf7 Qh5+ 42. Ke6 Qe2+ $1 43. Kd7 (43. Kf7 Qe8#) 43... Qe8+ 44.
Kd6 (44. Kc7 Qb8+ 45. Kc6 Rc8+ $19) 44... Qc8 $1 (44... Qd8+ $1 45. Kc6 Qa8+
46. Kxc5 Rc8+ 47. Kd4 Rd8 48. Nd6 Qa7+ 49. Kd3 Qd7 $19) 45. Ke7 g6 46. Nd6 Rg7+
47. Kxf6 Qd8+ 48. Ke5 Re7+ 49. Kf6 Kh7 $19) 38. Nd6 Qg4+ 39. Kg2 Rf8 (39... Kh7
$1 {Yudasin,L}) 40. Kf2 $1 (40. Qxc5 {Yudasin,L} Qe2+ 41. Kh3 Qe6+ 42. Kg2 f5)
40... Kh7 41. Qxc5 Rd8 $1 42. Qc2+ g6 (42... Qg6 $2 43. Qc7 $1) 43. Qc4 (43.
Ne4 $1 Qc8 $3 (43... Qe6 $4 44. Qc7+ $1) (43... Kg7 44. Qc6 $1 Qf5 45. Ke3 $1)
44. Nxf6+ Kg7 (44... Kh6 45. Qe2 Qf5 $1 46. Qxa6 (46. Ne4 Re8 47. Kf3 Qg4+)
46... Qc2+ 47. Ke3 Qc3+ 48. Ke4 Rd4+ $19) 45. Qb2 Qc5+ 46. Ke2 (46. Kf3 Rd3+) (
46. Kg2 Qd4 $1) 46... Qb5+ $1 47. Ke1 (47. Kf2 Qb6+) 47... Qb4+ 48. Ke2 Kf7 $1
$19) (43. Qc7+ {Yudasin,L} Rd7) 43... Qd7 44. Ne4 Qe7 (44... Qd4+ $2 45. Qxd4
Rxd4 46. Nxf6+ (46. Ke3 $132) 46... Kg7 47. Ke3 $1) 45. Qc3 Kg7 (45... Qxe4 $4
46. Qc7+) 46. Kf3 Re8 47. Qd3 (47. Qd4 {Yudasin,L} Rd8) 47... Qb7 $1 (47... Qb7
48. Qd4 Kg8 $1 (48... Kh7 $2 49. Qd7+ $1) (48... Kh6 49. f5 $1) 49. Qc4+ Kh7
50. Qd4 Re7 $1 {/\ 51...f5!-+} (50... f5 51. Qd7+ Qxd7 52. Nf6+)) 0-1

[Event "EU-chT (Men) 20th"]
[Site "Reykjavik"]
[Date "2015.11.19"]
[Round "6.2"]
[White "Meier, Georg"]
[Black "Sargissian, Gabriel"]
[Result "1/2-1/2"]
[WhiteElo "2654"]
[BlackElo "2689"]
[Annotator "Schulz,Andre"]
[PlyCount "214"]
[EventDate "2015.11.13"]
[EventType "team-swiss"]
[EventRounds "9"]
[EventCountry "ISL"]
[SourceTitle "CBM 170"]
[Source "ChessBase"]
[SourceDate "2016.01.15"]
[SourceVersion "1"]
[SourceVersionDate "2016.01.15"]
[SourceQuality "1"]
[WhiteTeam "Germany"]
[BlackTeam "Armenia"]
[WhiteTeamCountry "GER"]
[BlackTeamCountry "ARM"]

1. c4 Nf6 2. Nf3 c5 3. g3 b6 4. Bg2 Bb7 5. O-O e6 6. Nc3 Be7 7. d4 cxd4 8. Qxd4
O-O 9. Rd1 d6 10. Bg5 Nc6 11. Qd2 Qb8 12. Rac1 Rd8 13. h3 h6 14. Be3 Ne5 15.
Nxe5 dxe5 16. Qc2 Bxg2 17. Kxg2 Qb7+ 18. f3 Rac8 19. b3 Rxd1 20. Qxd1 a6 21.
Qd3 Rd8 22. Qc2 b5 23. Ne4 Ne8 24. g4 f5 25. Nf2 e4 26. fxe4 Bh4 27. cxb5 Qxb5
28. exf5 Nd6 29. Bf4 exf5 30. gxf5 Re8 31. e4 Nxf5 32. Qc4+ Qxc4 33. Rxc4 Ne7
34. Bc7 Ng6 35. Nd3 Bg5 36. Rc6 Nh4+ 37. Kf2 Rxe4 38. Rxa6 Re3 39. Rd6 Rxh3 40.
a4 Rh2+ 41. Kg3 Rh1 42. Rd7 Rg1+ 43. Kf2 Rg2+ 44. Kf1 Ra2 45. a5 Nf5 46. b4
Ne3+ 47. Kg1 Nc4 48. Kh1 Bd2 49. Rd4 Bxb4 50. Nxb4 Ra1+ 51. Kg2 Nxa5 52. Rd8+
Kf7 53. Rd7+ Ke6 54. Rxg7 Nc4 55. Rg6+ Kf7 56. Rxh6 Ne3+ 57. Kf3 Nf5 58. Rh2
Nd4+ 59. Ke3 Ne6 60. Bd6 Re1+ 61. Kd2 Ra1 62. Rf2+ Ke8 63. Be5 Ra5 64. Re2 Kd7
65. Kd3 Rb5 66. Nc2 Rd5+ 67. Ke4 Rd1 68. Ne3 Nc5+ 69. Kf5 Rh1 70. Bh2 Kc6 71.
Rc2 Kb5 72. Bd6 Nb7 73. Be7 Rh5+ 74. Kf4 Nc5 75. Nf5 Nb7 76. Nd4+ Kb6 77. Rc6+
Ka7 78. Ke4 Na5 79. Rc1 Nb7 80. Rc2 Kb6 81. Rc6+ Ka7 82. Nf5 Rh1 83. Bf6 Na5
84. Bd4+ Kb7 85. Rb6+ Kc7 86. Kd5 Rd1 87. Rb5 Nb7 88. Ne3 Rd2 89. Nc4 Rd1 90.
Rb2 Nd8 91. Rb6 Nb7 92. Rh6 Kb8 93. Rh8+ Kc7 94. Rh7+ Kb8 95. Rd7 Rb1 96. Rg7
Rd1 97. Rd7 Rb1 98. Re7 Rd1 99. Rg7 Kc8 {[#]} 100. Ne5 $2 (100. Nb6+ Kb8 101.
Rg8+ Nd8 (101... Ka7 102. Ra8#) (101... Kc7 102. Rc8#) 102. Rxd8+ Kb7 103. Rd7+
Ka6 104. Kc6 Re1 105. Nd5 {und Matt.}) 100... Nd8 101. Re7 Nb7 102. Nc6 Rd2
103. Rh7 Rd1 104. Kc4 Nd6+ 105. Kc5 Nb7+ 106. Kb6 Rb1+ 107. Ka6 Rd1 1/2-1/2

[Event "FIDE World Cup"]
[Site "Baku"]
[Date "2015.09.18"]
[Round "3.2"]
[White "Yu, Yangyi"]
[Black "Karjakin, Sergey"]
[Result "1/2-1/2"]
[WhiteElo "2721"]
[BlackElo "2762"]
[Annotator "Schulz,Andre"]
[PlyCount "73"]
[EventDate "2015.09.11"]
[EventType "k.o."]
[EventRounds "7"]
[EventCountry "AZE"]
[SourceTitle "CBM 169"]
[Source "ChessBase"]
[SourceDate "2015.11.10"]
[SourceVersion "1"]
[SourceVersionDate "2015.11.10"]
[SourceQuality "1"]

1. Nf3 Nf6 2. g3 c5 3. Bg2 Nc6 4. O-O e5 5. c4 d5 6. Qa4 Bd6 7. Ng5 O-O 8. cxd5
Nd4 9. e3 Ne2+ 10. Kh1 Bf5 11. Qc4 Nxc1 12. Rxc1 Ng4 13. Nh3 e4 14. Nc3 Ne5 15.
Qf1 Bxh3 16. Bxh3 f5 17. Rc2 Rf6 18. Rd1 Nd3 19. f4 c4 20. b3 cxb3 21. axb3 Nb4
22. Rcc1 Nd3 23. Nb5 Qd7 24. Nd4 Nxc1 25. Rxc1 Ba3 26. Rc2 Qxd5 27. g4 fxg4 28.
Bxg4 Kh8 29. Qa1 Bc5 30. Ne6 Bd6 31. Nd4 Bc5 32. Ne2 Rg6 33. h3 b6 34. Qc3 h5
35. f5 Rg5 36. Nf4 Qf7 37. b4 {1/2-1/2 (37) Yu,Y (2721)-Karjakin,S (2762) Baku
2015 [#] Hier gab Karjakin in Gewinnstellung remis.} (37. b4 Bd6 38. Be2 Qxf5
39. Bf1 Bxf4 40. exf4 Qxf4 $19) 1/2-1/2

[Event "Bad Ragaz Accentus YM"]
[Site "Bad Ragaz"]
[Date "2016.04.06"]
[Round "1"]
[White "Froewis, Georg"]
[Black "Bluebaum, Matthias"]
[Result "1-0"]
[WhiteElo "2452"]
[BlackElo "2628"]
[Annotator "Schulz,Andre"]
[PlyCount "77"]
[EventDate "2016.04.06"]
[EventType "tourn"]
[EventRounds "9"]
[EventCountry "SUI"]
[EventCategory "9"]
[SourceTitle "CBM 171 Extra"]
[Source "ChessBase"]
[SourceDate "2016.04.26"]
[SourceVersion "1"]
[SourceVersionDate "2016.04.26"]
[SourceQuality "1"]

1. c4 Nf6 2. Nf3 b6 3. g3 Bb7 4. Bg2 g6 5. O-O Bg7 {Dieses Doppelfianchetto
ist in jüngster Zeit in Mode gekommen. Schwarze verzichtet dabei auf 1...c5.}
6. Nc3 O-O 7. d3 (7. d4 Ne4 {z.B.:} 8. Qd3 Nxc3 9. Qxc3 c5 10. Be3 d6 11. Qd2
e5 12. d5 Nd7 13. Ng5 Nf6 14. Ne4 Nxe4 15. Bxe4 f5 16. Bg2 Qf6 17. Bg5 Qf7 18.
Bh6 Bxh6 19. Qxh6 f4 20. Bh3 Bc8 21. a4 Bxh3 22. Qxh3 Rae8 23. a5 Rb8 24. Qe6
Qxe6 25. dxe6 Rfe8 26. axb6 axb6 27. Rfd1 Rxe6 28. Ra7 b5 29. b3 bxc4 30. bxc4
Rb4 31. Rd7 Rf6 32. R1xd6 Rxd6 33. Rxd6 Rxc4 34. Rd5 fxg3 35. fxg3 e4 36. Kf2
h5 37. Rd7 {1/2-1/2 (37) Fridman,D (2648)-Giri,A (2790) Netherlands 2015}) 7...
c5 ({Die Alternative ist} 7... d6) 8. Bf4 d5 9. cxd5 Nxd5 10. Be5 $5 (10. Nxd5
{kam in einer alten Partie von Uwe Bönsch vor:} Qxd5 11. Qd2 e5 12. Bh6 Nc6
13. Bxg7 Kxg7 14. Nh4 Qd7 15. f4 f6 16. Rf2 Rae8 17. fxe5 Nxe5 18. Bxb7 Qxb7
19. h3 Qd7 20. Kh2 c4 21. d4 Nf7 22. Nf3 Nd6 23. Rg2 Re4 24. Rc1 Rfe8 25. g4
Qe7 26. Rc2 b5 27. Kg1 a6 28. Qb4 Qc7 29. a4 Re3 30. axb5 axb5 31. Qc5 Qe7 32.
Qd5 b4 33. Rf2 b3 34. Rc1 Ne4 35. Rg2 c3 36. Qxb3 Nd2 37. Qa3 Qe4 38. Rxc3
Nxf3+ 39. Kh1 Qb1+ {0-1 (39) Hesse,P (2440)-Boensch,U (2450) Plauen 1980})
10... f6 11. Qb3 (11. Nxd5 Bxd5 12. Bc3 e5 $11) 11... e6 12. Bxb8 ({Die
Alternative war} 12. Bf4 Nxf4 13. gxf4 Qd7 $11) 12... Rxb8 13. d4 f5 14. Rad1
Qe7 15. Qa3 Nxc3 16. bxc3 Bd5 17. e3 Rfc8 18. Nd2 Bxg2 19. Kxg2 e5 (19... Qb7+
$15) 20. d5 e4 21. c4 b5 22. cxb5 Rxb5 23. Qa6 Qd7 24. Nc4 Rb4 25. Rb1 Ra4 26.
Na5 Bc3 27. Qb7 Rc7 28. Qb8+ Kg7 {[#]} 29. d6 Qxd6 (29... Rc8 30. Qb7 Qxb7 31.
Rxb7+ Kg8 32. d7 Rd8 33. Nc6 $18) 30. Rfd1 Qe5 31. Nc6 Rxc6 32. Rb7+ Kh6 33.
Qf8+ Qg7 34. Rxg7 Bxg7 35. Qd8 Bf6 36. Qe8 Rca6 37. Rd7 Rxa2 38. Qf8+ Kg5 39.
Rxh7 1-0